SPEECH AND LANGUAGE PROCESSING (Registro nro. 49228)
[ vista simple ]
| 000 -LEADER | |
|---|---|
| fixed length control field | 00972nam a2200205 a 4500 |
| 001 - CONTROL NUMBER | |
| control field | 49228 |
| 005 - DATE AND TIME OF LATEST TRANSACTION | |
| control field | 20180714033833.0 |
| 008 - FIXED-LENGTH DATA ELEMENTS--GENERAL INFORMATION | |
| fixed length control field | 140415s2000 xxu 000 0 eng d |
| 020 ## - INTERNATIONAL STANDARD BOOK NUMBER | |
| International Standard Book Number | 0130950696 |
| 041 ## - LANGUAGE CODE | |
| Language code of text/sound track or separate title | eng |
| 082 ## - DEWEY DECIMAL CLASSIFICATION NUMBER | |
| Classification number | 006.35 |
| Item number | JUR |
| 100 1# - MAIN ENTRY--PERSONAL NAME | |
| Personal name | JURAFSKY, DANIEL |
| 245 10 - TITLE STATEMENT | |
| Title | SPEECH AND LANGUAGE PROCESSING |
| 250 ## - EDITION STATEMENT | |
| Edition statement | 1a ed. |
| 260 ## - PUBLICATION, DISTRIBUTION, ETC. | |
| Place of publication, distribution, etc. | ESTADOS UNIDOS DE AMERICA : |
| Name of publisher, distributor, etc. | PRENTICE-HALL, INC., |
| Date of publication, distribution, etc. | 2000 |
| 300 ## - PHYSICAL DESCRIPTION | |
| Extent | 513 |
| Dimensions | 23.5 x 18 x 4.9 |
| 520 ## - SUMMARY, ETC. | |
| Summary, etc. | INIFIES AND COMPREHENSIVE COVERAGE OF THE FIELD: COVER THE FUNDAMENTAL ALGORITHMS OF EACH FIELD, WHETHER PROPOSED FOR SPOKEN OR WRITTEN LAGUAGE, WHETHER LOGICAL OR STATISTICAL IN ORIGIN. EMPHASIS ON WEB AND OTHER PRACTICAL APPLICATIONS: GIVES READERS AN UNDERTANDING OF HOW LANGUAGE-RELATED ALGORITHMS CAN BE APPLIED TO IMPORTANT REAL-WORLD PROBLEMS. |
| 650 14 - SUBJECT ADDED ENTRY--TOPICAL TERM | |
| Topical term or geographic name entry element | LENGUAJE NATURAL |
| General subdivision | PROCESAMIENTO (CIENCIA DE LOS COMPUTADORE |
| -- | PROGRAMACION, LENGUAJES |
| 700 1# - ADDED ENTRY--PERSONAL NAME | |
| Personal name | MARTIN, JAMES H. |
| Relator term | coaut. |
| Withdrawn status | Lost status | Source of classification or shelving scheme | Damaged status | Not for loan | Collection code | Home library | Current library | Shelving location | Date acquired | Source of acquisition | Inventory number | Total Checkouts | Full call number | Barcode | Date last seen | Price effective from | Koha item type |
|---|---|---|---|---|---|---|---|---|---|---|---|---|---|---|---|---|---|
| Dewey Decimal Classification | General | Biblioteca Karol Wojtyla | Biblioteca Karol Wojtyla | Sala general | 03/12/2013 | Compra | 151000000000000000015232 | '006.35 JUR | 73634 | 05/01/2026 | 03/12/2013 | Libro |